000 00900cam a2200265 4500500
005 20260111080334.0
041 _afre
042 _adc
100 1 0 _aAlbert, Jean-Luc
_eauthor
245 0 0 _aDes Institutions financières indépendantes aux Institutions budgétaires Indépendantes
260 _c2019.
500 _a55
690 _aCommission européenne
690 _aConseil constitutionnel
690 _aConseil d’État
690 _aConseil national des finances publiques
690 _aCour des comptes
690 _aexpertise
690 _aHaut conseil des finances publiques
690 _aOCDE
690 _aParlement
690 _apouvoir budgétaire
786 0 _nGestion & Finances Publiques | 4 | 4 | 2019-09-13 | p. 30-37 | 1969-1009
856 4 1 _uhttps://droit.cairn.info/revue-gestion-et-finances-publiques-2019-4-page-30?lang=fr&redirect-ssocas=7080
999 _c1616179
_d1616179